| 000 | 00413nam a22001457a 4500 | ||
|---|---|---|---|
| 082 |
_a620.103 _bSHA _cL-5, P-60 |
||
| 100 |
_aShames, Irving H. _93078 |
||
| 245 |
_aEngineering Mechanics _cShames, Irving H. |
||
| 250 | _a2nd Ed | ||
| 260 |
_aNew Jersey _bPrentice Hall Inc., _c1958 |
||
| 300 |
_ax, 298 p. : _bill, ; _c22 cm. |
||
| 526 |
_a0 _b0 _c0 _d620_103000000000000_SHA |
||
| 650 |
_aMCE _9379 |
||
| 942 |
_2ddc _cBK |
||
| 999 |
_c544952 _d544952 |
||